आर्यायण शाकद्वीप से जम्बूद्वीप / (Record no. 77185)

MARC details
000 -LEADER
fixed length control field 01155nam a22002777a 4500
005 - DATE AND TIME OF LATEST TRANSACTION
control field 20130704130246.0
008 - FIXED-LENGTH DATA ELEMENTS--GENERAL INFORMATION
fixed length control field 090714t xxu||||| |||| 00| 0 hin d
010 ## - LCCN (DPL NO)
LC control number HIN-99697
020 ## - INTERNATIONAL STANDARD BOOK NUMBER
International Standard Book Number 9788190683753
Terms of availability 175.00
035 ## - SYSTEM CONTROL NUMBER
System control number HN-72043
037 ## - SOURCE OF ACQUISITION
Source of stock number/acquisition DBAD / PUB
040 ## - CATALOGING SOURCE
Original cataloging agency dpl
Language of cataloging hn
082 ## - DEWEY DECIMAL CLASSIFICATION NUMBER
Classification number 954.01
100 ## - MAIN ENTRY--PERSONAL NAME
Personal name पाठक, कृष्णा कान्त
245 ## - TITLE STATEMENT
Title आर्यायण शाकद्वीप से जम्बूद्वीप /
Statement of responsibility, etc कृष्णा कान्त पाठक
246 ## - VARYING FORM OF TITLE
Title proper/short title Aryayan
Remainder of title by Krishna Kant Pathak
250 ## - EDITION STATEMENT
Edition statement 2रा संस्क
260 ## - PUBLICATION, DISTRIBUTION, ETC. (IMPRINT)
Place of publication, distribution, etc बीकानेर
Name of publisher, distributor, etc विकास प्रकाशन
Date of publication, distribution, etc 2010
270 ## - ADDRESS
Address जुबली नागरी भण्डार,स्टेशन रोड,
City बीकानेर
Postal code 334001
Telephone number 0151-2541508
300 ## - PHYSICAL DESCRIPTION
Extent 158पृ..
Dimensions 22सेमी (सजिल्द)
Other physical details सचित्र
650 ## - SUBJECT ADDED ENTRY--TOPICAL TERM
Topical term or geographic name as entry element भारतीय-आर्य
650 ## - SUBJECT ADDED ENTRY--TOPICAL TERM
Topical term or geographic name as entry element Indo-Aryans
651 ## - SUBJECT ADDED ENTRY--GEOGRAPHIC NAME
Geographic name भारत
General subdivision सभ्यता
651 ## - SUBJECT ADDED ENTRY--GEOGRAPHIC NAME
Geographic name India
General subdivision Civilization
942 ## - ADDED ENTRY ELEMENTS (KOHA)
Source of classification or shelving scheme Dewey Decimal Classification
Item type Hindi Books
Call number suffix पाठक
Classification part 954.01
Holdings
Withdrawn status Lost status Source of classification or shelving scheme Damaged status Not for loan Collection code Home library Current library Date acquired Source of acquisition Cost, normal purchase price Total Checkouts Full call number Barcode Date last seen Copy number Cost, replacement price Koha item type
    Dewey Decimal Classification   Not For Loan Non-fiction D.B.Act.Division D.B.Act.Division 04/07/2013 DBAD / PUB 175.00   954.01 पाठक HN-72043 04/07/2013 1 175.00 Hindi Books

© Delhi Public Library
Hit Counter
free hit counter